00517pab a2200169 454500008004000000100002700040245008100067260000900148300001300157362001200170650001400182773001300196908000600209909001000215999001700225952010500242180718b2012 xxu||||| |||| 00| 0 eng d aPandey, Vibhut Narayan aInvisible migration in India (a case study of Lucknow city in Uttar Pradesh) c2012 ap.50-60. aOct-Dec aMigration aNagarlok aN a99565 c99564d99564 00104070aIIPAbIIPAd2018-07-19hVolume no: 44, Issue no: 4pAR100025r2018-07-19w2018-07-19yAR